MARC

LEADER 00000nam0a2200000 4500
001 374554
005 20231102012648.0
010 |a 502008073X 
020 |a RU  |b 90-33573 
035 |a (RuTPU)RU\TPU\retro\31988 
035 |a RU\TPU\book\250528 
090 |a 374554 
100 |a 20221219d1990 m y0rusy5003 ca 
101 0 |a rus 
102 |a RU 
105 |a y z 001zy 
200 1 |a Ценностные аспекты развития науки  |f Академия наук СССР (АН СССР), Институт истории естествознания (ИИЕ АН СССР) ; под ред. Н. С. Злобина ; В. Ж. Келле 
210 |a Москва  |c Наука  |d 1990 
215 |a 293 с. 
320 |a Библиогр.: с. 276-288. 
606 1 |a Научное знание  |2 stltpush  |3 (RuTPU)RU\TPU\subj\45121  |9 64383 
610 1 |a наука 
610 1 |a ценности 
610 1 |a познание 
610 1 |a история 
610 1 |a истина 
610 1 |a социальные структуры 
610 1 |a методология 
610 1 |a Восток 
610 1 |a арабская философия 
610 1 |a Индия 
686 |a Ю251  |2 rubbk 
702 1 |a Злобин  |b Н. С.  |g Наль Степанович  |4 340 
702 1 |a Келле  |b В. Ж.  |4 340 
712 0 2 |a Академия наук СССР (АН СССР)  |b Институт истории естествознания (ИИЕ АН СССР)  |c (Москва)  |c (1944-1953)  |2 stltpush  |3 (RuTPU)RU\TPU\col\14063 
801 0 |a RU  |b RuMRKP  |c 19960705  |g psbo 
801 1 |a RU  |b 63413507  |c 20130116 
801 2 |a RU  |b 63413507  |c 20221219  |g RCR 
942 |c BK